000 00294nam a22001337a 4500
008 170628b xxu||||| |||| 00| 0 eng d
020 _a0130438022
041 _aeng
080 _25TH
_a82
100 _a21
101 _aGJL
245 _aAN APPROACH TO LITERATURE
_cBROOKS,C
942 _2udc
_cBK
999 _c19373
_d19373